000 00648nam a2200277Ia 4500
005 20260324144837.0
008 008 260324s9999 xx 000 0 eng d
020 _a9780367821876
037 _aEBOOK
040 _aCRL
040 _beng
040 _cCRL
041 _2eng
041 _aeng
084 _qCRL
100 _aBetty Turock
_91220814
245 4 _aThe Public Library in the Bibliographic Network
260 _bTaylor and Francis
260 _c1986
365 _a
365 _b150
856 _uhttp://www.taylorfrancis.com/books/9780367821876
942 _cEBOOK
999 _c1827941
_d1827941